Normal view
MARC view
Entry Topical Term
001 - CONTROL NUMBER
- control field: 908
003 - CONTROL NUMBER IDENTIFIER
- control field: ARRUPE
005 - DATE AND TIME OF LATEST TRANSACTION
- control field: 20130924125010.0
008 - FIXED-LENGTH DATA ELEMENTS
- fixed length control field: 130924|| aca||aabn | a|a d
040 ## - CATALOGING SOURCE
- Original cataloging agency: ARRUPE
- Transcribing agency: ARRUPE
150 ## - HEADING--TOPICAL TERM
- Topical term or geographic name as entry element: Catholic Church
- General subdivision: Clergy
670 ## - SOURCE DATA FOUND
- Source citation: Work cat.: (ARRUPE)0: Richards, Michael, 1924- 903, A people of priests :, 1995.